00819nam a2200229 a 4500001001000000003000400010005001700014008004100031040002500072049000900097082001500106100003600121245003900157260007600196300002000272650003100292650003100323910003700354942001300391952016800404999001700572000032397OSt20240412074256.0110715s1937 dr 000 0 spa d aDO-SdBNPbspacBNPHU aBNPD axxxbM385p1 aMartínez Conde, José92408110aPincel /cJosé Martínez Conde. aCiudad Trujillo, República Dominicana :bTipografía Cambier,c1937. a29 p. ;c20 cm. 4aPoesía dominicana977068 0aLiteratura dominicana.967 aValidado. Control de calidad MFF 2ddccLF2 00102ddc718RVaPDbPDcCTd2011-07-15iLF1l0oRD861.42 M385pp32397-10r2020-06-25w2020-06-25y1zPerteneció a la biblioteca personal de Martínez Boog c31888d31888